000 00774nam a2200265Ia 4500
003 OSt
005 20220928132620.0
006 a|||||r|||| 00| 0
007 ta
008 220927b |||||||| |||| 00| 0 eng d
020 _c3554.2199999999998
024 _a112450
037 _b044, 21/09/2011, N.R.Book Distributors
_cTextual
040 _aSDCL
_cSDCL
_beng
041 _2eng
_aeng
082 _aG9M, Q2
100 _aTropp Burton E
_9430935
245 0 _aMolecular biology
_b Genes to proteins.
250 _a4
260 _aSudbury
_bJones and Bartlett Learning
_c2012
300 _axxxviii,1097p.
_ccm.
650 _aGenetics
942 _hG9M, Q2
_cTEXL
_2CC
999 _c795163
_d795163